=LDR 00000nam 2200000 4500 =001 INLIS000000000040366 =005 20210505094815 =035 ##$$a 0010-061300000040366 =008 210505################g##########0#ind## =041 ##$$a Ind =082 ##$$a 339.4 =090 ##$$a 339.4, Lev f =100 ##$$a Levit, Steven D =245 1#$$a Freakonomic arogue economist the hidden side of everything = Ekonom "nyeleneh" membongkar sisi tersembunyi segala hal /$c Steven D. Levit, Steven J. Dubner ; alih bahasa, Akhmad Fauzi =260 ##$$a Jakarta :$b Gramedia Pustaka Utama,$c 2006 =300 ##$$a x, 258 hlm. ; $c 23 x 15 cm. =650 #4$$a Ekonomi Makro =700 #$$a Dubner, Steven J =850 ##$$a NBPNMAT =020 ##$$a 979-22-2204-9 =084 ##$$a 339.4 LEV f =990 ##$$a 21105998 =990 ##$$a 21105999 =990 ##$$a 21106000 =990 ##$$a 21106000 =990 ##$$a 21105998 =990 ##$$a 21105999 =990 ##$$a 21106000 =990 ##$$a 21105998 =990 ##$$a 21105999 =990 ##$$a 21105999 =990 ##$$a 21105998 =990 ##$$a 21106000